Angels and Airwaves Songs by Studio Album - Statistics

General Stats
  • This quiz has been taken 19 times
  • The average score is 29 of 64
Answer Stats
Hint Answer % Correct
We Don't Need to Whisper The War
100%
We Don't Need to Whisper The Adventure
91%
Lifeforms Kiss & Tell
82%
Lifeforms Rebel Girl
82%
I-Empire Heaven
73%
I-Empire Rite of Spring
73%
I-Empire Secret Crowds
73%
We Don't Need to Whisper Start the Machine
73%
We Don't Need to Whisper The Gift
73%
I-Empire Everything's Magic
64%
Love Letters to God, Part II
64%
Lifeforms Timebomb
64%
We Don't Need to Whisper Valkyrie Missile
64%
I-Empire Call to Arms
55%
We Don't Need to Whisper Good Day
55%
We Don't Need to Whisper It Hurts
55%
Lifeforms Losing My Mind
55%
Lifeforms No More Guns
55%
Lifeforms Spellbound
55%
Love: Part Two Surrender
55%
Love The Flight of Apollo
55%
The Dream Walker The Wolfpack
55%
Love Young London
55%
The Dream Walker Anomaly
45%
Love: Part Two Anxiety
45%
Lifeforms Automatic
45%
I-Empire Breathe
45%
We Don't Need to Whisper Distraction
45%
We Don't Need to Whisper Do It for Me Now
45%
Lifeforms Euphoria
45%
The Dream Walker Kiss with a Spell
45%
The Dream Walker Paralyzed
45%
Love: Part Two Saturday Love
45%
The Dream Walker Teenagers & Rituals
45%
I-Empire True Love
45%
We Don't Need to Whisper A Little's Enough
36%
The Dream Walker Bullets in the Wind
36%
Love Clever Love
36%
Love Epic Holiday
36%
Love Hallucinations
36%
I-Empire Jumping Rooftops
36%
I-Empire Lifeline
36%
I-Empire Love Like Rockets
36%
Love Shove
36%
I-Empire Sirens
36%
Love Soul Survivor (...2012)
36%
Love: Part Two The Revelator
36%
The Dream Walker Tremors
36%
The Dream Walker Tunnels
36%
Lifeforms A Fire in a Nameless Town
27%
Love Et Ducit Mundum Per Luce
27%
The Dream Walker Mercenaries
27%
Love: Part Two My Heroine (It's Not Over)
27%
I-Empire Star of Bethlehem
27%
The Dream Walker The Disease
27%
Love The Moon-Atomic (...Fragments and Fictions)
27%
Love: Part Two All That We Are
18%
Love: Part Two Behold a Pale Horse
18%
Love: Part Two Dry Your Eyes
18%
Love: Part Two Inertia
18%
Love: Part Two Moon as My Witness
18%
Love Some Origins of Fire
18%
Love: Part Two One Last Thing
9%
Lifeforms Restless Souls
9%
No matching quizzes found
Score Distribution
Percent of People with Each Score
Percentile by Number Answered
Your Score History
You have not taken this quiz